Countries that are Also Gulfs - Statistics

General Stats
  • This quiz has been taken 124 times
  • The average score is 3 of 7
Answer Stats
Answer % Correct
Mexico
95%
Guinea
55%
Oman
50%
Thailand
48%
Finland
47%
Panama
27%
Bahrain
13%
No matching quizzes found
Score Distribution
Percent of People with Each Score
Percentile by Number Answered
Your Score History
You have not taken this quiz